|
|
|
|
| LEADER |
00000nam a2200000 a 4500 |
| 001 |
vtls001355861 |
| 003 |
SK-MaSNL |
| 005 |
20260301114937.0 |
| 008 |
171215s1998 xo aap r yy 0 slo |
| 015 |
|
|
|a SNBA1999/05-01645
|
| 020 |
|
|
|a 802231319X
|
| 035 |
|
|
|a SNK000309331
|
| 035 |
|
|
|a urn:nbn:sk:snk-amtjz5
|
| 035 |
|
|
|a urn:nbn:sk:snk-am00c60i
|
| 035 |
|
|
|a E10EAD87-F5DC-4038-80CF-AAC4A9DA2C18
|
| 040 |
|
|
|a SNK
|b slo
|c SNK
|e AACR2
|
| 041 |
0 |
|
|a slo
|
| 044 |
|
|
|a xo
|c SK
|
| 080 |
|
|
|a 371.38:376.35(075.8)
|2 1981
|
| 080 |
|
|
|a 376.35(075.8)
|2 1981
|
| 245 |
0 |
|
|a Didaktika technickej výchovy
|c Mária Kožuchová ... [et al.]
|
| 250 |
|
|
|a 3. preprac. vyd.
|
| 260 |
|
|
|a Bratislava
|b Univerzita Komenského
|c 1998
|
| 300 |
|
|
|a 160 s.
|b ilustr., sch., tab.
|c 29 cm
|
| 500 |
|
|
|a 500 výt.
|
| 504 |
|
|
|a Bibliogr. odkazy
|
| 650 |
0 |
7 |
|a didaktika technickej výchovy
|2 SNK
|9 233726
|
| 655 |
|
7 |
|a učebnice
|2 SNK
|9 22521
|
| 700 |
1 |
|
|a Kožuchová, Mária,
|d 1950-
|4 aut
|9 185671
|
| 700 |
1 |
|
|a Habšudová, Magdaléna
|4 aut
|9 11250
|
| 700 |
1 |
|
|a Kuzma, Jozef
|4 aut
|9 8251
|
| 700 |
1 |
|
|a Brnka, Karol
|4 aut
|9 376305
|
| 919 |
|
|
|a 80-223-1319-X
|
| 958 |
|
|
|a TL
|
| 958 |
|
|
|a NB
|
| 958 |
|
|
|a UV
|
| 958 |
|
|
|a OND
|
| 999 |
|
|
|c 720341
|d 722271
|
| 952 |
|
|
|t P60, <03>, [BOOK], {603}
|a SNK
|b SNK
|y PREZ
|7 0
|p 17A0181182
|o snkSB 59886
|i snkKSP 1945/99
|0 0
|1 0
|4 0
|d 1999-02-24
|f 1
|l 0
|r 2025-04-09 00:00:00
|w 2026-02-23
|
| 952 |
|
|
|t P60, <04>, [BOOK], {604}
|a SNK
|b SNK
|y VYP
|7 0
|p 17A0181181
|o snkSB 59886 D1
|i snkKSP 1946/99
|0 0
|1 0
|4 0
|d 1999-02-24
|l 0
|r 2005-01-02 00:00:00
|w 2026-02-23
|